| 000 | 01236cam a2200349 i 4500 | ||
|---|---|---|---|
| 001 | 768714001 | ||
| 003 | CO-MdFUSB | ||
| 005 | 20250507154442.0 | ||
| 007 | ta | ||
| 008 | 160829s2015 ck 000 0 spa d | ||
| 010 | _a 2016464024 | ||
| 020 | _a9789584246417 | ||
| 020 | _a9584246410 | ||
| 040 |
_aPTS _bspa _cCO-MdFUSB _erda _dOCLCF _dNYP _dOCLCO _dOCLCA _dDLC _dCO-MdFUSBC |
||
| 041 | _aspa | ||
| 082 |
_224 _a241.66 _bL938c |
||
| 100 | 1 |
_aLucio, Carlos Alonso, _d1964- _eautor |
|
| 245 | 1 | 0 |
_aCristianos, ¡salid del clóset! : _buna crítica severa al poder LGBTI _c/ Carlos Alonso Lucio |
| 250 | _aPrimera edición | ||
| 264 | 1 |
_aBogotá : _bEditorial Planeta Colombiana, _c℗2015 |
|
| 264 | 4 | _c©2015 | |
| 300 |
_a162 páginas ; _c23 cm |
||
| 336 |
_atexto _btxt _2rdacontent |
||
| 337 |
_asin mediación _bn _2rdamedia |
||
| 338 |
_avolumen _bnc _2rdacarrier |
||
| 490 | _aTemas de hoy | ||
| 505 | _aNi un día más -- El derecho a creer -- El engaño más sofisticado -- Los niños no son mascotas -- La democracia sin pueblo -- Yo también tuve un sueño -- Agradecimientos. | ||
| 563 | _aRústico | ||
| 650 | 7 |
_aHomosexualidad _xAspectos religiosos _xCristianismo _2embne _96985 |
|
| 942 | _cBK | ||
| 945 | _aJTF-925 | ||
| 999 |
_c63822 _d63822 |
||